Statistics for Euro 2020 Group C - Netherlands - Austria

Click here to take the quiz!

General Stats

  • This quiz has been taken 48 times
  • The average score is 16 of 34

Answer Stats

Player% Correct
Memphis Depay ¹
95%
Matthijs de Ligt
88%
Frenkie de Jong
85%
Luuk de Jong
83%
Denzel Dumfries ¹
78%
Frank de Boer
78%
Stefan de Vrij
73%
David Alaba
71%
Wout Weghorst
71%
Daley Blind
68%
Maarten Stekelenburg
68%
Georginio Wijnaldum
61%
Marcel Sabitzer
61%
Konrad Laimer
56%
Marten de Roon
56%
Nathan Aké
49%
Stefan Lainer
46%
Patrick van Aanholt
41%
Donyell Malen
39%
Owen Wijndal
37%
Aleksandar Dragović
32%
Martin Hinteregger
32%
Christoph Baumgartner
29%
Andreas Ulmer
27%
Daniel Bachmann
27%
Xaver Schlager
27%
Franco Foda
22%
Michael Gregoritsch
22%
Saša Kalajdžić
22%
Valentino Lazaro
20%
Florian Grillitsch
17%
Ryan Gravenberch
17%
Karim Onisiwo
12%
Philipp Lienhart
10%

Score Distribution

Percentile by Number Answered

Percent of People with Each Score

Your Score History

You have not taken this quiz